| 000 | 01053cam a2200205 4500 | ||
|---|---|---|---|
| 001 | ABS66855 | ||
| 008 | 030701n2003 000 0 eng u | ||
| 035 | _a(Sirsi) u122845 | ||
| 245 | _aLong-term vision on rural transport | ||
| 260 | _c2003 | ||
| 490 |
_aCountryside Focus _v(26) June/July 2003, 6(2) |
||
| 520 | _aThe Countryside Agency has published a report on rural transport needs, highlighting 10 principles for transport to improve the quality of life for rural residents, businesses and visitors. Summarises the key areas of the report and list the principles, based on sustainable development and requiring social, economic and environmental objectives to be pursued together. The report, "Transport in tomorrow's countryside" (CA 143) is available free from Countryside Agency Publications at www.countryside.gov.uk/publications. | ||
| 590 | _aABS | ||
| 650 | _aRURAL COMMUNITIES | ||
| 650 | _aRURAL ISSUES | ||
| 650 | _aSUSTAINABLE TRANSPORT | ||
| 650 | _aPUBLIC TRANSPORT | ||
| 690 | _aTRANSPORT AND COMMUNICATIONS | ||
| 942 | _n0 | ||
| 999 |
_c72970 _d72970 |
||